[Event "Sautron op 18th"]
[Site "Sautron "]
[Date "2018.10.20"]
[Round "5.18"]
[White "Devallee, Jeremie"]
[Black "Pille, Edouard"]
[Result "1-0"]
[WhiteElo "2230"]
[BlackElo "1826"]
[PlyCount "95"]
[EventDate "2018.10.20"]
[EventType "swiss"]
[EventRounds "9"]
[EventCountry "FRA"]
[SourceTitle "EXT 2021"]
[Source "ChessBase"]
[SourceDate "2020.10.23"]
[SourceVersion "1"]
[SourceVersionDate "2020.10.23"]
[SourceQuality "1"]

1. e4 e5 2. Nf3 Nc6 3. Bc4 Nf6 4. d3 Be7 5. 0-0 0-0 6. Re1 d6 7. c3 Na5 8. Bb5 a6 9. Ba4 b5 10. Bc2 Bg4 11. Nbd2 c5 12. Nf1 Qc7 13. h3 Be6 14. Ng3 Nc6 15. Qe2 Rfe8 16. Bg5 h6 17. Bd2 Rad8 18. Bb3 Na5 19. Bxe6 fxe6 20. Nh4 Nc6 21. Ng6 Kh7 22. Nxe7 Qxe7 23. f4 exf4 24. Bxf4 Ne5 25. d4 Ng6 26. Be3 Qc7 27. Rf1 Rf8 28. a4 c4 29. axb5 axb5 30. d5 exd5 31. Ra7 Qc8 32. Bxh6 Rd7 33. Rxd7 Qxd7 34. Bg5 Qe8 35. Bxf6 Rxf6 36. Qh5+ Kg8 37. Rxf6 gxf6 38. Qxd5+ Kf8 39. Qxd6+ Qe7 40. Qb8+ Qe8 41. Qb7 Ne5 42. Nf5 Qd7 43. Qxd7 Nxd7 44. Kf2 Ne5 45. Ke3 Nd3 46. b4 Nb2 47. Nd6 Nd1+ 48. Kd4 1-0

[Event "Nantes op 14th"]
[Site "Nantes"]
[Date "2015.12.30"]
[Round "6"]
[White "Pille, Edouard"]
[Black "Bernard, Jacques"]
[Result "0-1"]
[WhiteElo "1718"]
[BlackElo "2205"]
[PlyCount "62"]
[EventDate "2015.12.27"]
[EventType "swiss"]
[EventRounds "7"]
[EventCountry "FRA"]
[SourceTitle "CBM 170 Extra"]
[Source "ChessBase"]
[SourceDate "2016.02.25"]
[SourceVersion "1"]
[SourceVersionDate "2016.02.25"]
[SourceQuality "1"]

1. e4 c5 2. c3 g6 3. d4 cxd4 4. cxd4 d5 5. e5 Nc6 6. Nf3 Bg4 7. Be2 Qb6 8. Nc3 Bxf3 9. Bxf3 e6 10. Ne2 Nge7 11. g4 Bg7 12. 0-0 0-0 13. b3 f6 14. exf6 Bxf6 15. Bb2 Rad8 16. Bg2 Nc8 17. Qd2 Nd6 18. Rad1 Bg7 19. Qe3 Rde8 20. Ba3 Nb4 21. Bxb4 Qxb4 22. Qd2 a5 23. Qxb4 axb4 24. Rc1 Nb5 25. Rfd1 Rc8 26. Rxc8 Rxc8 27. Rd2 Kf7 28. f3 Nc3 29. Kf2 Bh6 30. f4 Nxe2 31. Kxe2 Bxf4 0-1

[Event "Nantes op 14th"]
[Site "Nantes"]
[Date "2015.12.27"]
[Round "1"]
[White "Colin, Vincent"]
[Black "Pille, Edouard"]
[Result "1-0"]
[WhiteElo "2393"]
[BlackElo "1718"]
[PlyCount "53"]
[EventDate "2015.12.27"]
[EventType "swiss"]
[EventRounds "7"]
[EventCountry "FRA"]
[SourceTitle "CBM 170 Extra"]
[Source "ChessBase"]
[SourceDate "2016.02.25"]
[SourceVersion "1"]
[SourceVersionDate "2016.02.25"]
[SourceQuality "1"]

1. d4 d5 2. c4 c6 3. Nf3 e6 4. Nc3 f5 5. g4 fxg4 6. Ne5 Qh4 7. Bf4 Nd7 8. Qd3 Nxe5 9. Bxe5 Ne7 10. h3 Nf5 11. 0-0-0 Qxf2 12. hxg4 Qe3+ 13. Kb1 Qxd3+ 14. Rxd3 Nd6 15. c5 Nf7 16. Bf4 g5 17. Bg3 e5 18. dxe5 Bxc5 19. e4 Bxg4 20. Bh3 Bxh3 21. Rxh3 Rd8 22. exd5 cxd5 23. e6 Nd6 24. Be5 Rf8 25. Nxd5 Nf5 26. Nc7+ Ke7 27. Rxh7+ 1-0

[Event "Sautron op 13th"]
[Site "Sautron"]
[Date "2013.10.??"]
[Round "6"]
[White "Pille, Edouard"]
[Black "Lemercier, Patrick"]
[Result "1-0"]
[WhiteElo "1604"]
[BlackElo "1682"]
[PlyCount "61"]
[EventDate "2013.10.26"]
[EventType "swiss"]
[EventRounds "9"]
[EventCountry "FRA"]
[SourceTitle "EXT 2016"]
[Source "ChessBase"]
[SourceDate "2015.10.08"]
[SourceVersion "1"]
[SourceVersionDate "2015.10.08"]
[SourceQuality "1"]

1. e4 c5 2. Nf3 Nc6 3. c3 e5 4. d4 cxd4 5. cxd4 exd4 6. Nxd4 Nf6 7. Nc3 Bb4 8. Nxc6 Bxc3+ 9. bxc3 dxc6 10. Qxd8+ Kxd8 11. Bg5 Ke8 12. Bxf6 gxf6 13. Bc4 Rg8 14. g3 b5 15. Bf1 Bb7 16. Bh3 Ke7 17. 0-0-0 Rgd8 18. Bf5 h6 19. Rd2 Rxd2 20. Kxd2 Rd8+ 21. Ke3 c5 22. Rb1 Bc6 23. Bg4 c4 24. Rd1 Rxd1 25. Bxd1 a5 26. a3 Bd7 27. Kd4 Kd6 28. Bh5 Be8 29. f4 a4 30. h4 Kc6 31. e5 1-0

[Event "Sautron op 11th"]
[Site "Sautron"]
[Date "2012.08.31"]
[Round "1"]
[White "Pille, Edouard"]
[Black "Le Goff, Ronan"]
[Result "0-1"]
[WhiteElo "1576"]
[BlackElo "2113"]
[PlyCount "42"]
[EventDate "2012.08.31"]
[EventType "swiss"]
[EventRounds "6"]
[EventCountry "FRA"]
[SourceTitle "EXT 2013"]
[Source "ChessBase"]
[SourceDate "2012.11.22"]
[SourceVersion "1"]
[SourceVersionDate "2012.11.22"]
[SourceQuality "1"]

1. e4 e5 2. f4 d5 3. exd5 exf4 4. Nf3 Nf6 5. Bc4 Nxd5 6. 0-0 Be6 7. Qe2 Be7 8. d4 Nc6 9. Bb5 a6 10. Bxc6+ bxc6 11. Ne5 Qd6 12. Nc3 Nxc3 13. bxc3 g5 14. Qh5 Qd5 15. Bb2 Rb8 16. c4 Qe4 17. Rfe1 Qf5 18. Rab1 Qxc2 19. Rec1 Qd2 20. Ba1 Rxb1 21. Rxb1 0-0 0-1

[Event "Gorges op 22th"]
[Site "Gorges"]
[Date "2012.07.08"]
[Round "1"]
[White "Pille, Edouard"]
[Black "Delaunay, Sebastien"]
[Result "0-1"]
[WhiteElo "1576"]
[BlackElo "2337"]
[PlyCount "94"]
[EventDate "2012.07.08"]
[EventType "swiss"]
[EventRounds "7"]
[EventCountry "FRA"]
[SourceTitle "CBM 149 Extra"]
[Source "ChessBase"]
[SourceDate "2012.08.24"]
[SourceVersion "1"]
[SourceVersionDate "2012.08.24"]
[SourceQuality "1"]

1. e4 Nf6 2. e5 Nd5 3. c4 Nb6 4. d4 d6 5. f4 g6 6. Nf3 Bg7 7. Be3 0-0 8. Nc3 Be6 9. d5 Bg4 10. exd6 exd6 11. Bd3 Re8 12. Qe2 Bd4 13. Nd1 Qf6 14. 0-0 Bxe3+ 15. Nxe3 Qxf4 16. Rae1 N8d7 17. h3 Bxf3 18. Rxf3 Qd4 19. Rd1 Qg7 20. b3 Ne5 21. Rf4 Re7 22. Bc2 Rae8 23. Qd2 Nbd7 24. Rdf1 b6 25. Qf2 Nc5 26. Qd2 a5 27. Rf6 Ncd7 28. R6f4 h5 29. Qf2 Nc5 30. Qd2 Qh8 31. Rf6 Ncd7 32. R6f4 Nc5 33. Rf6 Ned7 34. R6f3 Qe5 35. R1f2 Ne4 36. Bxe4 Qxe4 37. Re2 Qh4 38. Ref2 Qg5 39. Re2 Re5 40. Qd4 Re4 41. Qd3 f5 42. Kf2 Ne5 43. Qd2 Nxf3 44. gxf3 Qh4+ 45. Kg2 R4e5 46. Qd3 Qg5+ 47. Kf2 f4 0-1

[Event "Cholet-D"]
[Site "Cholet"]
[Date "2012.02.19"]
[Round "2"]
[White "Pille, Edouard"]
[Black "Suman, Avijit"]
[Result "1-0"]
[WhiteElo "1480"]
[BlackElo "1499"]
[PlyCount "85"]
[EventDate "2012.02.18"]
[EventType "swiss"]
[EventRounds "9"]
[EventCountry "FRA"]
[SourceTitle "EXT 2013"]
[Source "ChessBase"]
[SourceDate "2012.11.22"]
[SourceVersion "1"]
[SourceVersionDate "2012.11.22"]
[SourceQuality "1"]

1. e4 e5 2. f4 exf4 3. Nf3 Nc6 4. d4 d5 5. e5 Bf5 6. Bxf4 Bg4 7. Bb5 Nge7 8. 0-0 a6 9. Ba4 b5 10. Bb3 Nxd4 11. Qxd4 Nf5 12. Qxd5 Bh5 13. g4 Qxd5 14. Bxd5 Bc5+ 15. Kh1 Rd8 16. Bc6+ Ke7 17. gxf5 Bxf3+ 18. Bxf3 Rd4 19. Be3 Rc4 20. Bxc5+ Rxc5 21. Nc3 Rxe5 22. Rae1 Kf6 23. Nd5+ Kxf5 24. Bh5+ Ke6 25. Bxf7+ Kd6 26. Rxe5 Kxe5 27. Re1+ Kd6 28. Re8 Rxe8 29. Bxe8 Kxd5 30. Kg2 c5 31. Kf3 Kd4 32. Ke2 c4 33. c3+ Kc5 34. b4+ cxb3 35. axb3 a5 36. Kd3 g5 37. Ke4 h6 38. Kf5 b4 39. cxb4+ Kxb4 40. Bf7 Kc3 41. Kg6 Kd3 42. Kxh6 g4 43. Kg5 1-0